| 000 | 00551nam a22001457a 4500 | ||
|---|---|---|---|
| 003 | OSt | ||
| 005 | 20150916115608.0 | ||
| 008 | 150916b xxu||||| |||| 00| 0 eng d | ||
| 040 | _cRUA | ||
| 082 | _aAGR SEN 2002 B023 Or.1 | ||
| 100 |
_9594 _aSENG, KRONH. |
||
| 245 | _aStudy on duration of photoperiod induction on flowering of some rice varieties សិក្សាអំពីរយ:ពេលនាំដល់ការចេញផ្ការបស់ពូជស្រូវមួយចំនួន | ||
| 300 |
_a74p. _bill. _c29cm. |
||
| 942 |
_2ddc _cAGR |
||
| 999 |
_c572 _d572 |
||